| 000 | 00975nam a2200337Ia 4500 | ||
|---|---|---|---|
| 001 | Z_1444 | ||
| 003 | CHAP | ||
| 008 | 220113s1991 xx 000 0 und d | ||
| 010 | _a164533 | ||
| 040 | _cCHAP | ||
| 090 | _aTesis H 751 | ||
| 100 |
_aHerrera Buendía, Edmundo _954832 |
||
| 245 |
_aFrecuencias de pastoreo en dos praderas asociadas / _cpor Edmundo Herrera Buendía y Rafael Larios Romero |
||
| 260 |
_aChapingo, Méx. : _bEl autor, _c1991 |
||
| 300 | _a55 h. | ||
| 502 | _aTesis (Ing. Agr. Esp. en Zootecnia) -- UACH. Departamento de Zootecnia | ||
| 650 |
_aBiomasa _912825 |
||
| 650 |
_aDactylis glomerata _930865 |
||
| 650 |
_aPastoreo _985984 |
||
| 650 |
_aPraderas _991230 |
||
| 650 |
_aSiembra múltiple _9137616 |
||
| 650 |
_aTrébol _9115245 |
||
| 650 |
_aTrébol blanco _9115252 |
||
| 700 |
_aI. Larios Romero, Rafael _9138631 |
||
| 901 | _aTESIS H 751 | ||
| 902 | _aM | ||
| 910 | _a1991 | ||
| 942 | _c2 | ||
| 942 | _c2 | ||
| 999 |
_c164533 _d164533 |
||